000 00342nam a22001337a 4500
999 _c9285
_d9285
003 OSt
008 201120b ||||| |||| 00| 0 eng d
100 _aCharles, Kittel etc
245 _aMechanics Berkeley Physics Course Vol-1
260 _aNew Delhi
_bTata McGraw-Hill
_c2019
300 _a451
650 _aB.Sc Non Medical
942 _2ddc
_cBK